BIBLIOTECA

SENCICO

Fundamentos de diseño interior : (Registro nro. 4460)

Detalles MARC
000 -LEADER
fixed length control field 01307nam a22003017a 4500
003 - CONTROL NUMBER IDENTIFIER
control field PE SENCICO BE
005 - DATE AND TIME OF LATEST TRANSACTION
control field 20251020182647.0
008 - FIXED-LENGTH DATA ELEMENTS--GENERAL INFORMATION
fixed length control field 231117b |||||||| |||| 00| 0 eng d
040 ## - CATALOGING SOURCE
Original cataloging agency PE SENCICO BE
Transcribing agency PE SENCICO BE
041 ## - LANGUAGE CODE
Language code of text/sound track or separate title spa
084 ## - OTHER CLASSIFICATION NUMBER
Classification number I
-- DIS
-- 2017
Item number I53
100 1# - MAIN ENTRY--PERSONAL NAME
9 (RLIN) 1812
Personal name Ingaruca Paredes, Lilian Lisetty
Relator term autor
245 1# - TITLE STATEMENT
Title Fundamentos de diseño interior :
Remainder of title elementos y principios /
Statement of responsibility, etc. Lilian Lisetty Ingaruca Paredes
246 ## - VARYING FORM OF TITLE
Title proper/short title Organización espacial de un local institucional
260 ## - PUBLICATION, DISTRIBUTION, ETC.
Place of publication, distribution, etc. Lima :
Date of publication, distribution, etc. 2017
300 ## - PHYSICAL DESCRIPTION
Extent 2 v. :
Other physical details il. col. ;
Dimensions 30 cm.
500 ## - GENERAL NOTE
General note Texto en dos volúmenes. El volumen 2 contiene planos (40 x 60 cm.).
500 ## - GENERAL NOTE
General note Volumen 2: Organización espacial de un local institucional
502 ## - DISSERTATION NOTE
Dissertation note Monografía de Titulación.-- Servicio Nacional de Capacitación para la Industria de la Construcción. Escuela Superior Técnica. Carrera Profesional Técnica en Diseño de Interiores, 2017
650 10 - SUBJECT ADDED ENTRY--TOPICAL TERM
9 (RLIN) 44
Topical term or geographic name entry element Diseño de interiores
650 20 - SUBJECT ADDED ENTRY--TOPICAL TERM
9 (RLIN) 1793
Topical term or geographic name entry element Color en el diseño
650 20 - SUBJECT ADDED ENTRY--TOPICAL TERM
9 (RLIN) 30
Topical term or geographic name entry element Color en la arquitectura
650 20 - SUBJECT ADDED ENTRY--TOPICAL TERM
9 (RLIN) 615
Topical term or geographic name entry element Planos
650 20 - SUBJECT ADDED ENTRY--TOPICAL TERM
9 (RLIN) 2002
Topical term or geographic name entry element Bibliotecas
710 1# - ADDED ENTRY--CORPORATE NAME
Corporate name or jurisdiction name as entry element Servicio Nacional de Capacitación para la Industria de la Construcción.
Subordinate unit Escuela Superior Técnica
9 (RLIN) 1065
910 ## - USER-OPTION DATA (OCLC)
-- hfp
-- hfp
942 ## - ADDED ENTRY ELEMENTS (KOHA)
Koha item type Monografía de Titulación
Source of classification or shelving scheme Dewey Decimal Classification
Existencias
Fecha de la última vez que lo usaron Número de ingreso o de inventario Pago total Signatura topográfica completa Código de barras Precio efectivo desde Tipo de documento Estado perdido Estado dañado No es para préstamo Retirado Ubicación permanente Ubicación actual Fecha de adquisición
17/11/2023 I-00284   I/DIS/2017/I53/v. 1 BibLima23110047 17/11/2023 Monografía de Titulación         Biblioteca Central Lima Biblioteca Central Lima 17/11/2023
13/02/2024 I-00431   I/DIS/2017/I53/v. 2 BibLima24020067 13/02/2024 Monografía de Titulación         Biblioteca Central Lima Biblioteca Central Lima 13/02/2024